Use of polymers in chemical plant construction (Record no. 39971)

MARC details
000 -LEADER
fixed length control field 00477nam a2200181Ia 4500
082 ## - DEWEY DECIMAL CLASSIFICATION NUMBER
Classification number 678:66
Item number BUT
100 ## - MAIN ENTRY--AUTHOR NAME
Personal name Butt, L T
245 #0 - TITLE STATEMENT
Title Use of polymers in chemical plant construction
260 ## - PUBLICATION, DISTRIBUTION, ETC. (IMPRINT)
Place of publication London
Name of publisher Applied Science
Year of publication 1980
650 ## - SUBJECT ADDED ENTRY--TOPICAL TERM
Topical Term Chemical plant
650 ## - SUBJECT ADDED ENTRY--TOPICAL TERM
Topical Term Plastics
650 ## - SUBJECT ADDED ENTRY--TOPICAL TERM
Topical Term Rubber coatings
650 ## - SUBJECT ADDED ENTRY--TOPICAL TERM
Topical Term Rubber compounding
650 ## - SUBJECT ADDED ENTRY--TOPICAL TERM
Topical Term Thermoplastic pipe
700 ## - ADDED ENTRY--PERSONAL NAME
Personal name Wright, D C
942 ## - ADDED ENTRY ELEMENTS (KOHA)
Koha item type Books
Holdings
Withdrawn status Lost status Damaged status Not for loan Home library Current library Date acquired Cost, normal purchase price Full call number Accession Number Koha item type
        RRII Library RRII Library 16/12/2021 24.00 678:66 BUT 20289 Books